Quick Pick: Beyoncé Songs Quiz Stats

Quiz Updated Aug 22, 2016

Challenge
Share
Tweet
Embed
Score 0/10 Timer 01:00
7 Plays Today
% Correct
Boy
96.6%
Ladies
91.5%
Crazy
88.1%
Ring
87.6%
Girls
84.9%
Love
72.2%
Check
71.9%
Liar
65.1%
Miss
63.8%
Hurts
56.9%

Today's Daily Dose

Quick Pick
Overwatch Maps

On This Day
May 26th II

You're not logged in!

Compare scores with friends on all Sporcle quizzes.
Join for Free
OR
Log In

You Might Also Like...

Show Comments

Extras

Top Quizzes Today


Score Distribution

Your Account Isn't Verified!

In order to create a playlist on Sporcle, you need to verify the email address you used during registration. Go to your Sporcle Settings to finish the process.

Report this User

Report this user for behavior that violates our Community Guidelines.

Details: